[Event "5th American Continental"]
[Site "Sao Paulo BRA"]
[Date "2009.07.26"]
[Round "2.115"]
[White "Ferreira, Jonas de Vargas"]
[Black "Mariano, Marceley Martins"]
[Result "0-1"]
[WhiteElo "1771"]
[BlackElo "2040"]
[EventDate "2009.07.25"]
[PlyCount "114"]

1.e4 c5 2.Nf3 d6 3.d4 cxd4 4.Nxd4 Nf6 5.Nc3 a6 6.Be2 e5 7.Nb3 Be7 8.O-O 
Be6 9.Be3 Nbd7 10.f4 exf4 11.Bxf4 Qc7 12.Bf3 O-O 13.Kh1 Rac8 14.Nd4 Bc4 
15.Nf5 Ne5 16.Be2 Be6 17.Nxe7+ Qxe7 18.Bg5 Ned7 19.Nd5 Bxd5 20.exd5 Qe5 
21.Bf4 Qe7 22.Bg5 h6 23.Bh4 Qe4 24.Bg3 Rfe8 25.Bd3 Qxd5 26.Bxd6 g6 27.Bf4 
Kg7 28.Qd2 g5 29.Bg3 Ne4 30.Qe1 f5 31.Rd1 Nc3 32.bxc3 Rxe1 33.Rfxe1 Nf6 
34.Re5 Qxa2 35.Rxf5 Ng4 36.Re1 Rf8 37.Re7+ Kg8 38.Rxf8+ Kxf8 39.Re1 Qa3 
40.h3 Nf6 41.Rf1 Ke7 42.Re1+ Kd8 43.Re6 Nh5 44.Be5 Qf8 45.Bg6 Qf1+ 46.Kh2 
Nf4 47.Bxf4 Qxf4+ 48.Kg1 Qc1+ 49.Kh2 Qf4+ 50.Kg1 Qc4 51.Rd6+ Ke7 52.Rd3 a5
53.Re3+ Kf6 54.Bd3 Qc5 55.Kf2 a4 56.Ke2 Qxc3 57.Rf3+ Kg7 0-1

[Event "5th American Continental"]
[Site "Sao Paulo BRA"]
[Date "2009.07.26"]
[Round "2.117"]
[White "Zanetti, Joao Carlos Pereira"]
[Black "Chin Li, Victor"]
[Result "0-1"]
[WhiteElo "1746"]
[BlackElo "2034"]
[EventDate "2009.07.25"]
[PlyCount "78"]

1.d4 Nf6 2.c4 e6 3.Nc3 Bb4 4.a3 Bxc3+ 5.bxc3 d6 6.e3 O-O 7.Bd3 c5 8.Nf3 
Nc6 9.O-O e5 10.d5 Ne7 11.e4 Ng6 12.h3 Nh5 13.Bg5 f6 14.Be3 Nhf4 15.g4 
Nxh3+ 16.Kh2 Bxg4 17.Be2 Ngf4 18.Bxf4 Nxf4 19.Ng1 Nxe2 20.Nxe2 f5 21.f3 
Qh4+ 22.Kg1 Bh3 23.Qe1 Qh6 24.Rf2 fxe4 25.Rg2 exf3 26.Ng3 f2+ 27.Rxf2 Rxf2
28.Qxf2 Rf8 29.Qe2 Qg5 30.Kh2 Bg4 31.Qg2 Qh4+ 32.Kg1 Bh3 33.Qh2 Rf3 34.Ne2
Qg4+ 35.Kh1 Qe4 36.Kg1 Qe3+ 37.Kh1 Rf2 38.Qg3 Qe4+ 39.Kg1 Rg2+ 0-1

[Event "5th American Continental"]
[Site "Sao Paulo BRA"]
[Date "2009.07.26"]
[Round "2.119"]
[White "Riboldi, Mario Garcia"]
[Black "Tratz, Leonardo Schmaedecke"]
[Result "0-1"]
[WhiteElo "1696"]
[BlackElo "2032"]
[EventDate "2009.07.25"]
[PlyCount "56"]

1.d4 d5 2.c4 c6 3.cxd5 cxd5 4.Nf3 Nc6 5.Nc3 e6 6.Bf4 Bd6 7.Bxd6 Qxd6 8.e3 
a6 9.Bd3 Nf6 10.O-O b5 11.Rc1 O-O 12.a3 Na5 13.Ne5 Nd7 14.Qh5 g6 15.Qf3 
Nxe5 16.dxe5 Qxe5 17.Rfe1 Bb7 18.Qd1 Rfd8 19.f4 Qd6 20.Re2 d4 21.Ne4 Qb6 
22.Nc5 dxe3 23.Rc3 Nc4 24.Nxb7 Qxb7 25.Qc2 Qd5 26.Rxe3 Nxe3 27.Be4 Nxc2 
28.Bxd5 Rxd5 0-1

[Event "5th American Continental"]
[Site "Sao Paulo BRA"]
[Date "2009.07.26"]
[Round "2.120"]
[White "Pedroso Junior, Arquimedes Gomes"]
[Black "Medina, Diana Sanroman Baeta"]
[Result "1/2-1/2"]
[WhiteElo "2028"]
[BlackElo "1699"]
[EventDate "2009.07.25"]
[PlyCount "147"]

1.e4 c6 2.Nc3 d5 3.d4 dxe4 4.Nxe4 Nf6 5.Nxf6+ gxf6 6.Nf3 Bg4 7.Be2 e6 8.
O-O Bd6 9.c4 Bc7 10.Be3 Qd6 11.c5 Qd5 12.Qd2 Rg8 13.Kh1 Bxh2 14.Nxh2 Bxe2 
15.Rg1 Bh5 16.f3 Na6 17.Bf4 O-O-O 18.Bd6 Nxc5 19.Be7 Rd7 20.Bxf6 Qf5 21.
Bh4 Qd5 22.Qh6 Nd3 23.Qxh7 Rg6 24.Qh8+ Kc7 25.Rgd1 Nxb2 26.Rdb1 Nc4 27.a4 
Nd2 28.Rb2 Nc4 29.Rb4 Qxd4 30.Qxd4 Rxd4 31.Bf2 Rd2 32.Bg1 Rc2 33.g4 Bxg4 
34.fxg4 Rh6 35.g5 Rh3 36.Rf1 Ne5 37.Rfb1 b6 38.R1b2 Rcc3 39.Bd4 Rc1+ 40.
Kg2 Rxh2+ 41.Kxh2 Nd3 42.Bf6 Nxb4 43.Rxb4 c5 44.Rh4 Rd1 45.Rh7 Rd7 46.Kg2 
a6 47.Kf2 b5 48.axb5 axb5 49.Ke2 Kc6 50.Be5 c4 51.Bc3 Rd5 52.Bd2 Rf5 53.
Rh8 Kb7 54.Kd1 Rf3 55.Rf8 Rf5 56.Kc2 Kc6 57.Kc3 Rf3+ 58.Kc2 Rf5 59.Rc8+ 
Kd5 60.Rd8+ Ke4 61.Re8 Ke5 62.Rb8 Kd4 63.Bc3+ Ke4 64.Bf6 Rf2+ 65.Kc3 Rf3+ 
66.Kd2 Rd3+ 67.Kc2 Rb3 68.Rb7 b4 69.Rxf7 Rg3 70.Rb7 Rg2+ 71.Kd1 b3 72.Kc1 
Rg1+ 73.Kb2 Rg2+ 74.Kc1 1/2-1/2

[Event "5th American Continental"]
[Site "Sao Paulo BRA"]
[Date "2009.07.26"]
[Round "2.121"]
[White "Gotz, Klaus Seiji Furucho"]
[Black "Silva, Edson Rodrigo da"]
[Result "1/2-1/2"]
[WhiteElo "1541"]
[BlackElo "2027"]
[EventDate "2009.07.25"]
[PlyCount "67"]

1.d4 d5 2.c4 c6 3.cxd5 cxd5 4.Nf3 Nc6 5.Nc3 Nf6 6.Bf4 a6 7.e3 Bf5 8.Bd3 e6
9.O-O Bd6 10.Bxd6 Qxd6 11.a3 O-O 12.Rc1 Rac8 13.Na4 Ne4 14.b4 Nb8 15.Nc5 
Rc7 16.Qe2 Nd7 17.Nd2 Ndf6 18.f3 Nxd2 19.Qxd2 Bxd3 20.Qxd3 e5 21.Rfd1 Re8 
22.Qd2 e4 23.f4 b5 24.Nb3 Rec8 25.Rxc7 Rxc7 26.Rc1 Nd7 27.Rxc7 Qxc7 28.Nc5
Qc6 29.Nxd7 Qxd7 30.Qc1 g6 31.h3 h5 32.Qc5 Qe6 33.Qc7 Kh7 34.Qc5 1/2-1/2

[Event "5th American Continental"]
[Site "Sao Paulo BRA"]
[Date "2009.07.26"]
[Round "2.122"]
[White "Suasnabar Faustor, Jesus"]
[Black "Marques, Joao Paulo Cassemiro"]
[Result "1-0"]
[WhiteElo "2027"]
[BlackElo "1593"]
[EventDate "2009.07.25"]
[PlyCount "57"]

1.d4 f5 2.e4 fxe4 3.Nc3 Nf6 4.Bg5 c6 5.Bxf6 exf6 6.Nxe4 d5 7.Ng3 Bd6 8.
Qh5+ g6 9.Qh6 Qc7 10.Bd3 f5 11.N1e2 Be6 12.Nh5 Nd7 13.Ng7+ Kf7 14.O-O Nf6 
15.Nxe6 Kxe6 16.Rae1 Kf7 17.h3 Rhe8 18.g4 fxg4 19.hxg4 Kg8 20.Qh4 Rf8 21.
Kg2 Qd7 22.f3 Rae8 23.Ng3 Bxg3 24.Qxg3 Rxe1 25.Rxe1 Re8 26.Re5 Qd6 27.g5 
Rxe5 28.dxe5 Qb4 29.exf6 1-0

[Event "5th American Continental"]
[Site "Sao Paulo BRA"]
[Date "2009.07.26"]
[Round "3.16"]
[White "Oliveira, Silvio Eduardo"]
[Black "Leon Hoyos, Manuel"]
[Result "0-1"]
[WhiteElo "2357"]
[BlackElo "2525"]
[EventDate "2009.07.25"]
[PlyCount "92"]

1.d4 Nf6 2.c4 c5 3.d5 b5 4.cxb5 a6 5.f3 axb5 6.e4 Qa5+ 7.Bd2 b4 8.Na3 d6 
9.Nc4 Qc7 10.a3 bxa3 11.Rxa3 Rxa3 12.bxa3 Nbd7 13.Ne2 g6 14.Nc3 Qb8 15.Na5
Bg7 16.Nb5 Bb7 17.Be2 O-O 18.O-O Ba8 19.Qc2 e6 20.Nc6 Bxc6 21.dxc6 Ne5 22.
c7 Qb6 23.Qa4 Rc8 24.Qa5 Nfd7 25.Rb1 Qb7 26.Qa4 Rxc7 27.Qc2 Nc6 28.Nxc7 
Qxc7 29.Qa4 Nd4 30.Qa8+ Nf8 31.Bc4 Qe7 32.Qb8 h5 33.a4 Kh7 34.a5 d5 35.Bf1
c4 36.Bb4 Qg5 37.f4 Nd7 38.Qc8 Qg4 39.Qxd7 Nf3+ 40.Kh1 Qxf4 41.Bd6 Qxe4 
42.Qb7 Nd2 43.Re1 Qf5 44.a6 Ne4 45.Qb1 Nf2+ 46.Kg1 Bd4 0-1

[Event "5th American Continental"]
[Site "Sao Paulo BRA"]
[Date "2009.07.26"]
[Round "3.17"]
[White "Zapata, Alonso"]
[Black "Brito, Luismar"]
[Result "1-0"]
[WhiteElo "2523"]
[BlackElo "2351"]
[EventDate "2009.07.25"]
[PlyCount "59"]

1.e4 c5 2.Nf3 d6 3.d4 cxd4 4.Nxd4 Nf6 5.Nc3 a6 6.Bc4 e6 7.O-O Qc7 8.Bb3 
Nbd7 9.Re1 Nc5 10.Qf3 Be7 11.Qg3 Nfd7 12.Bg5 Bxg5 13.Qxg5 O-O 14.Rad1 Nxb3
15.axb3 Ne5 16.f4 Nc6 17.f5 h6 18.Qg3 Ne5 19.f6 g6 20.Nf3 b5 21.Kh1 Bb7 
22.Qh4 h5 23.Nxe5 dxe5 24.Qg5 Kh7 25.g4 b4 26.Rd3 Rh8 27.gxh5 Kg8 28.hxg6 
fxg6 29.Qxg6+ Kf8 30.Rg3 1-0

[Event "5th American Continental"]
[Site "Sao Paulo BRA"]
[Date "2009.07.26"]
[Round "3.18"]
[White "Mareco, Sandro"]
[Black "Castano Duvan, Martin"]
[Result "1-0"]
[WhiteElo "2515"]
[BlackElo "2337"]
[EventDate "2009.07.25"]
[PlyCount "90"]

1.d4 Nf6 2.c4 g6 3.Nc3 Bg7 4.e4 d6 5.Nf3 O-O 6.Be2 Na6 7.O-O e5 8.Be3 Ng4 
9.Bg5 Qe8 10.Re1 c6 11.d5 f6 12.Bh4 c5 13.Nd2 Nh6 14.a3 Nf7 15.Nf1 Qd8 16.
Bg4 Bxg4 17.Qxg4 Bh6 18.Ne3 Bg5 19.Bxg5 fxg5 20.Qe2 h5 21.f3 Kg7 22.b3 Qf6
23.Rf1 Qf4 24.Qd2 Nh6 25.Ne2 Qh4 26.Qe1 Rab8 27.Qxh4 gxh4 28.Nc3 Nc7 29.b4
Nf7 30.Rfb1 b6 31.Kf2 Kf6 32.Ke2 Ke7 33.Na2 Nd8 34.Nc1 Nb7 35.Nd3 b5 36.a4
bxc4 37.Nxc4 cxb4 38.Nxb4 Nd8 39.Nd3 Rxb1 40.Rxb1 Na6 41.Rb5 Nc7 42.Rb8 
Rf6 43.Nb4 Kd7 44.Na5 Rf8 45.Nac6 a6 1-0

[Event "5th American Continental"]
[Site "Sao Paulo BRA"]
[Date "2009.07.26"]
[Round "3.22"]
[White "Flores Rios, Mauricio"]
[Black "Aguilar, Andres"]
[Result "1-0"]
[WhiteElo "2482"]
[BlackElo "2191"]
[EventDate "2009.07.25"]
[PlyCount "53"]

1.e4 e5 2.Nf3 Nc6 3.Bb5 a6 4.Ba4 Nf6 5.d3 b5 6.Bb3 Bc5 7.Nc3 d6 8.Nd5 Na5 
9.Bg5 Nxb3 10.axb3 c6 11.Bxf6 gxf6 12.Ne3 Bxe3 13.fxe3 f5 14.exf5 Bxf5 15.
e4 Be6 16.Qd2 h5 17.O-O h4 18.Ng5 Qe7 19.Rf3 f6 20.Nxe6 Qxe6 21.Raf1 Ke7 
22.Qf2 Rh6 23.b4 Kf7 24.Kh1 Qe7 25.Rh3 a5 26.bxa5 Rxa5 27.Qd2 1-0

[Event "5th American Continental"]
[Site "Sao Paulo BRA"]
[Date "2009.07.26"]
[Round "3.23"]
[White "Granda Zuniga, Julio"]
[Black "Nunes, Allan Hurba"]
[Result "1-0"]
[WhiteElo "2647"]
[BlackElo "1976"]
[EventDate "2009.07.25"]
[PlyCount "79"]

1.e4 e6 2.d4 d5 3.exd5 exd5 4.Bd3 Nc6 5.c3 Bd6 6.Qf3 Nge7 7.Ne2 Be6 8.Nf4 
Qd7 9.Nxe6 fxe6 10.Qh5+ g6 11.Qh3 e5 12.Qxd7+ Kxd7 13.dxe5 Nxe5 14.Be2 c6 
15.O-O Kc7 16.Nd2 Rae8 17.Nf3 Nxf3+ 18.Bxf3 Rhf8 19.Bd2 Bf4 20.Be1 Nc8 21.
g3 Bh6 22.Kg2 Nd6 23.b3 Rf7 24.Rd1 b6 25.h4 Bg7 26.h5 Ref8 27.Be2 g5 28.
Bd3 h6 29.c4 d4 30.Bd2 c5 31.Rde1 Kd7 32.f4 gxf4 33.Rxf4 Re7 34.Rxe7+ Kxe7
35.Rg4 Ne8 36.Bf4 Rf6 37.Bg6 Bf8 38.Bb8 a6 39.Re4+ Kd7 40.Bxe8+ 1-0

[Event "5th American Continental"]
[Site "Sao Paulo BRA"]
[Date "2009.07.26"]
[Round "3.24"]
[White "Livshits, Ron"]
[Black "Vescovi, Giovanni"]
[Result "0-1"]
[WhiteElo "2332"]
[BlackElo "2631"]
[EventDate "2009.07.25"]
[PlyCount "126"]

1.c4 Nf6 2.Nc3 e6 3.e4 c5 4.Nf3 d6 5.d4 cxd4 6.Nxd4 Be7 7.Be2 O-O 8.O-O a6
9.Be3 Qc7 10.Rc1 b6 11.f3 Bb7 12.Qe1 Nbd7 13.Qf2 Rac8 14.Rfd1 Rfe8 15.Bf1 
Qb8 16.Nb3 Bd8 17.Kh1 Bc7 18.Qg1 Rcd8 19.Bf2 h6 20.Nd4 Qa8 21.b4 Rc8 22.
Nb3 d5 23.exd5 exd5 24.c5 Bf4 25.Rb1 a5 26.Ne2 Be5 27.bxa5 bxc5 28.Nxc5 
Nxc5 29.Bxc5 Qxa5 30.Bd4 Ba6 31.Rb2 Qa4 32.Rbd2 Bxe2 33.Bxe2 Bxd4 34.Rxd4 
Qxa2 35.Bd3 Qb2 36.Ra4 Rc7 37.Raa1 Rce7 38.Rab1 Qc3 39.Rbc1 Qb4 40.Qf2 Re3
41.Kg1 h5 42.Be4 Rc3 43.Rxc3 Qxc3 44.Bd3 g6 45.Bf1 Rb8 46.Qd2 Qc5+ 47.Qf2 
Qb4 48.Qd2 Qb6+ 49.Qf2 Qd6 50.Qa7 Rb6 51.Qa5 Kg7 52.Qc3 Rb7 53.Qe3 Rb4 54.
Qa7 d4 55.Rc1 Nd5 56.Qc5 Qxc5 57.Rxc5 Ne3 58.Rb5 Ra4 59.Rb1 Ra2 60.g3 g5 
61.Bd3 Rg2+ 62.Kh1 Rd2 63.Be4 f5 0-1

[Event "5th American Continental"]
[Site "Sao Paulo BRA"]
[Date "2009.07.26"]
[Round "3.25"]
[White "Kudrin, Sergey"]
[Black "Gonzalez, Bolivar Ribeiro"]
[Result "1-0"]
[WhiteElo "2578"]
[BlackElo "2292"]
[EventDate "2009.07.25"]
[PlyCount "81"]

1.e4 c5 2.Nf3 d6 3.d4 cxd4 4.Nxd4 Nf6 5.Nc3 a6 6.a4 e5 7.Nf3 Be7 8.Bc4 O-O
9.O-O Be6 10.Qe2 Qc8 11.Ba2 Nbd7 12.Bg5 h6 13.Bxf6 Nxf6 14.Rfd1 Rd8 15.Nd5
Nxd5 16.Bxd5 Bxd5 17.Rxd5 f5 18.exf5 Qxf5 19.c4 Rac8 20.Rad1 Qg4 21.b3 Rf8
22.h3 Qg6 23.Ne1 Rf4 24.R5d3 Rcf8 25.Rf3 Qh5 26.Kf1 Rxf3 27.Nxf3 Rf4 28.
Rd5 Qf7 29.Nd2 Bh4 30.f3 Be7 31.Ne4 Qg6 32.Qd3 Rf8 33.a5 Rf4 34.Nxd6 Qg3 
35.Nf5 e4 36.Rd8+ Kh7 37.Nxg3 exd3 38.Rxd3 Bb4 39.Rd7 Bxa5 40.Nh5 Rf5 41.
Nxg7 1-0

[Event "5th American Continental"]
[Site "Sao Paulo BRA"]
[Date "2009.07.26"]
[Round "3.26"]
[White "Hernandez Carmenates, Holden"]
[Black "Viana da Costa, Fernando"]
[Result "1-0"]
[WhiteElo "2573"]
[BlackElo "2284"]
[EventDate "2009.07.25"]
[PlyCount "105"]

1.d4 Nf6 2.c4 e6 3.Nc3 Bb4 4.e3 O-O 5.Bd3 c5 6.Nf3 d5 7.O-O Nc6 8.a3 Bxc3 
9.bxc3 b6 10.Bb2 cxd4 11.cxd4 Ba6 12.cxd5 Bxd3 13.Qxd3 exd5 14.Rac1 Qd6 
15.Ne5 Rac8 16.Qa6 Nd7 17.Nxc6 Rxc6 18.Rxc6 Qxc6 19.Rc1 Qe6 20.Qb7 Re8 21.
Qxa7 Nf6 22.Qc7 Ne4 23.Qc6 Nd2 24.Qxe6 fxe6 25.Bc3 Nc4 26.Bb4 Kf7 27.e4 
Rc8 28.f3 Kf6 29.Kf2 Rc7 30.g4 Ra7 31.Rc3 g5 32.Kg3 Kg6 33.h4 h6 34.h5+ 
Kg7 35.Rc1 Kf7 36.f4 gxf4+ 37.Kxf4 Kg7 38.exd5 exd5 39.Rc3 Rf7+ 40.Kg3 Nd2
41.Kg2 Ne4 42.Rf3 Rc7 43.Rf5 Rc2+ 44.Kh3 Re2 45.Rxd5 Re3+ 46.Kh4 Nf2 47.
Bf8+ Kxf8 48.Rf5+ Kg7 49.Rxf2 Rxa3 50.Rb2 Ra4 51.Rd2 Kf6 52.d5 Ke7 53.Re2+
1-0

[Event "5th American Continental"]
[Site "Sao Paulo BRA"]
[Date "2009.07.26"]
[Round "3.27"]
[White "Ramon Pita, Vivian"]
[Black "Mecking, Henrique"]
[Result "1/2-1/2"]
[WhiteElo "2233"]
[BlackElo "2556"]
[EventDate "2009.07.25"]
[PlyCount "52"]

1.d4 Nf6 2.c4 e6 3.Nf3 c5 4.d5 exd5 5.cxd5 d6 6.Nc3 g6 7.g3 Bg7 8.Bg2 O-O 
9.O-O a6 10.a4 Nbd7 11.Nd2 Re8 12.Nc4 Ne5 13.Nxe5 Rxe5 14.Bf4 Re8 15.Qc2 
Nh5 16.Bd2 Bf5 17.e4 Bd7 18.a5 b5 19.axb6 Qxb6 20.Rfb1 c4 21.Be3 Bd4 22.
Bxd4 Qxd4 23.Rd1 Qc5 24.Kh1 Rab8 25.Rd2 Rb4 26.Qc1 Nf6 1/2-1/2

[Event "5th American Continental"]
[Site "Sao Paulo BRA"]
[Date "2009.07.26"]
[Round "3.28"]
[White "Neto, Francisco Jose dos Santos"]
[Black "Diamant, Andre"]
[Result "0-1"]
[WhiteElo "2211"]
[BlackElo "2520"]
[EventDate "2009.07.25"]
[PlyCount "78"]

1.Nf3 g6 2.d4 Nf6 3.Bf4 Bg7 4.e3 O-O 5.h3 d6 6.c3 b6 7.Be2 Bb7 8.O-O Nbd7 
9.Nbd2 e6 10.a4 a5 11.Nc4 Qe7 12.Bh2 Ne4 13.Nfd2 Nxd2 14.Nxd2 e5 15.Bf3 e4
16.Be2 f5 17.Qb3+ Kh8 18.c4 Rae8 19.Rac1 g5 20.c5 dxc5 21.Bxc7 cxd4 22.
Bxb6 Nxb6 23.Qxb6 d3 24.Bxd3 Rf6 25.Qxa5 exd3 26.Rc7 Qd8 27.Rfc1 Qd5 28.
Qxd5 Bxd5 29.a5 Rb8 30.b3 Rd6 31.R1c5 Bxb3 32.Nxb3 Rxb3 33.Rc8+ Bf8 34.
Rxf5 d2 35.Rfxf8+ Kg7 36.Rg8+ Kh6 37.f4 d1=Q+ 38.Kh2 gxf4 39.exf4 Rg6 0-1

[Event "5th American Continental"]
[Site "Sao Paulo BRA"]
[Date "2009.07.26"]
[Round "3.29"]
[White "Moreno, William"]
[Black "Barrientos Chavarriaga, Sergio"]
[Result "0-1"]
[WhiteElo "2191"]
[BlackElo "2474"]
[EventDate "2009.07.25"]
[PlyCount "64"]

1.d4 d5 2.c4 c6 3.Nf3 Nf6 4.Nc3 a6 5.c5 Nbd7 6.h3 b6 7.cxb6 e6 8.Bf4 Qxb6 
9.Qc2 c5 10.e3 Bb7 11.Bd3 Rc8 12.O-O cxd4 13.exd4 Bd6 14.Bxd6 Qxd6 15.Qe2 
O-O 16.Rad1 Rfe8 17.Ne5 Qb6 18.Rfe1 Nxe5 19.dxe5 Nd7 20.Bb1 f5 21.exf6 
Nxf6 22.Na4 Qa5 23.b3 e5 24.Qb2 d4 25.f4 exf4 26.Rxe8+ Rxe8 27.Qxd4 Qg5 
28.Qd2 Bf3 29.Rc1 g6 30.Qf2 Bd5 31.Rc5 Re1+ 32.Kh2 Ng4+ 0-1

[Event "5th American Continental"]
[Site "Sao Paulo BRA"]
[Date "2009.07.26"]
[Round "3.30"]
[White "Bhat, Vinay"]
[Black "Avalos Parra, Joao"]
[Result "1/2-1/2"]
[WhiteElo "2473"]
[BlackElo "2243"]
[EventDate "2009.07.25"]
[PlyCount "37"]

1.d4 d5 2.c4 c6 3.Nc3 Nf6 4.e3 e6 5.Nf3 a6 6.b3 Bb4 7.Bd2 Nbd7 8.Bd3 O-O 
9.O-O Bd6 10.Rc1 Re8 11.Qc2 e5 12.cxd5 cxd5 13.e4 dxe4 14.Nxe4 Nxe4 15.
Bxe4 h6 16.dxe5 Nxe5 17.Nxe5 Bxe5 18.Rfe1 Rb8 19.Be3 1/2-1/2

[Event "5th American Continental"]
[Site "Sao Paulo BRA"]
[Date "2009.07.26"]
[Round "3.31"]
[White "Bittencourt, Jorge"]
[Black "Martins, Vinicius Tine"]
[Result "1-0"]
[WhiteElo "2471"]
[BlackElo "2250"]
[EventDate "2009.07.25"]
[PlyCount "81"]

1.e4 c5 2.Nf3 d6 3.d4 cxd4 4.Nxd4 Nf6 5.Nc3 g6 6.Be3 Bg7 7.f3 O-O 8.Qd2 
Nc6 9.O-O-O d5 10.exd5 Nxd5 11.Nxc6 bxc6 12.Bd4 Nxc3 13.Qxc3 Bxd4 14.Rxd4 
Qb6 15.Bc4 Ba6 16.h4 Rad8 17.Re4 Bxc4 18.Qxc4 Qa5 19.c3 e6 20.Rhe1 Rd5 21.
Qxc6 Qxa2 22.Qa4 Ra5 23.Qxa2 Rxa2 24.Kb1 Ra5 25.Re5 Ra6 26.Rd1 Rb8 27.b4 
Rc6 28.Kb2 Rbc8 29.Rd3 R8c7 30.h5 Kg7 31.hxg6 hxg6 32.Kb3 Rc4 33.Ra5 R4c6 
34.b5 Rc5 35.c4 Rxc4 36.Rxa7 R7c5 37.Ra4 Rc1 38.Kb4 Rc8 39.Ka5 Rb8 40.b6 
Rc5+ 41.Ka6 1-0

[Event "5th American Continental"]
[Site "Sao Paulo BRA"]
[Date "2009.07.26"]
[Round "3.32"]
[White "Salazar, Carlos"]
[Black "Di Berardino, Diego Rafael"]
[Result "0-1"]
[WhiteElo "2189"]
[BlackElo "2453"]
[EventDate "2009.07.25"]
[PlyCount "122"]

1.e4 c5 2.Nf3 e6 3.c3 Nf6 4.e5 Nd5 5.g3 d6 6.exd6 Bxd6 7.d4 Nc6 8.Bg2 O-O 
9.O-O Bd7 10.dxc5 Bxc5 11.Nbd2 Nf6 12.Nb3 Be7 13.Re1 Qc8 14.Nfd4 Rd8 15.
Qe2 Be8 16.Bd2 Nxd4 17.Nxd4 Nd5 18.Rac1 Bf6 19.Nf3 Nb6 20.Bg5 Bxg5 21.Nxg5
h6 22.Nf3 Bc6 23.Nd4 Bxg2 24.Kxg2 Qc5 25.Qe4 Rd5 26.Nb3 Qc4 27.Rc2 Rad8 
28.Ree2 e5 29.Qf3 Qa4 30.Nc1 Qd7 31.c4 Rd4 32.c5 Nd5 33.Rxe5 Qc6 34.a3 
Nf4+ 35.gxf4 Qg6+ 36.Qg3 Qxc2 37.Ne2 Rd3 38.Qg4 Qxb2 39.Ng3 Qb5 40.Nf5 
Qc6+ 41.f3 Qf6 42.a4 Kh7 43.Nd6 b6 44.Ne4 Qg6 45.Qxg6+ Kxg6 46.cxb6 axb6 
47.Rb5 Ra3 48.Rxb6+ f6 49.Rb7 Rd5 50.Rb5 Ra2+ 51.Kg3 Rxb5 52.axb5 Rb2 53.
Nd6 f5 54.h4 h5 55.Kh3 Kf6 56.Ne8+ Kf7 57.Nc7 g6 58.Kg3 Rb4 59.Kf2 Rxf4 
60.Ke3 Rxh4 61.Nd5 Ke6 0-1

[Event "5th American Continental"]
[Site "Sao Paulo BRA"]
[Date "2009.07.26"]
[Round "3.33"]
[White "Cominato Neto, Jose Luis"]
[Black "Liascovich, Lucas"]
[Result "0-1"]
[WhiteElo "2184"]
[BlackElo "2444"]
[EventDate "2009.07.25"]
[PlyCount "89"]

1.e4 d6 2.d4 Nf6 3.Nc3 g6 4.Be2 Bg7 5.Nf3 O-O 6.h3 c6 7.Be3 b5 8.e5 Ne8 9.
O-O Nd7 10.d5 cxd5 11.Qxd5 Nc7 12.Qd2 Nxe5 13.Nxe5 Bxe5 14.Bf3 b4 15.Nd5 
Ba6 16.Nxb4 Bxf1 17.Nc6 Bxg2 18.Bxg2 Qe8 19.Nxe5 dxe5 20.Qa5 Rc8 21.Bh6 
Qb5 22.Qxb5 Nxb5 23.Bxf8 Kxf8 24.c3 Nd6 25.Rd1 e4 26.Rd5 f5 27.Ra5 Rc7 28.
Bf1 Kf7 29.a4 f4 30.f3 exf3 31.Kf2 Ne4+ 32.Kxf3 Nd2+ 33.Kf2 Nxf1 34.Kxf1 
Kf6 35.Kf2 e5 36.Rb5 Kf5 37.a5 g5 38.Rb8 Rc5 39.b4 Rxc3 40.b5 Rc2+ 41.Kg1 
Ke4 42.Rg8 Kf3 43.a6 Rb2 44.Rxg5 Rxb5 45.h4 0-1

[Event "5th American Continental"]
[Site "Sao Paulo BRA"]
[Date "2009.07.26"]
[Round "3.34"]
[White "Alvarez Marquez, Johann"]
[Black "Chemin, Vitorio"]
[Result "1-0"]
[WhiteElo "2431"]
[BlackElo "2228"]
[EventDate "2009.07.25"]
[PlyCount "45"]

1.d4 d5 2.c4 e6 3.Nf3 c5 4.cxd5 exd5 5.g3 Nc6 6.Bg2 Nf6 7.O-O Be7 8.Nc3 
O-O 9.Bg5 cxd4 10.Nxd4 h6 11.Bf4 a6 12.Rc1 Qb6 13.Be3 Qxb2 14.Na4 Qa3 15.
Nb6 Rb8 16.Bf4 Bd6 17.Nc2 Bxf4 18.Nxa3 Bxc1 19.Qxc1 Be6 20.Rd1 Rfe8 21.h3 
Ne5 22.Qc7 Nc6 23.Qf4 1-0

[Event "5th American Continental"]
[Site "Sao Paulo BRA"]
[Date "2009.07.26"]
[Round "3.35"]
[White "Espinosa Flores, Rafael"]
[Black "Ferreira, Henrique Camara"]
[Result "1-0"]
[WhiteElo "2401"]
[BlackElo "2198"]
[EventDate "2009.07.25"]
[PlyCount "53"]

1.e4 e6 2.d4 d5 3.Nc3 Nf6 4.Bg5 Bb4 5.e5 h6 6.Be3 Ne4 7.a3 Bxc3+ 8.bxc3 c5
9.Bd3 Nxc3 10.Qg4 Kf8 11.dxc5 Qa5 12.Bd2 Qxc5 13.Ne2 d4 14.Qxd4 Qxd4 15.
Nxd4 Nd5 16.c4 Ne7 17.Bb4 Bd7 18.Be4 Nc6 19.Nxc6 Bxc6 20.Bxc6 bxc6 21.Rb1 
Rb8 22.Ke2 Ke8 23.Bc5 Rxb1 24.Rxb1 Nc8 25.Bxa7 f6 26.Rb7 fxe5 27.Bc5 1-0

[Event "5th American Continental"]
[Site "Sao Paulo BRA"]
[Date "2009.07.26"]
[Round "3.36"]
[White "Batista, Renato Luiz"]
[Black "Fusco, Leonardo"]
[Result "0-1"]
[WhiteElo "2178"]
[BlackElo "2401"]
[EventDate "2009.07.25"]
[PlyCount "84"]

1.d4 Nf6 2.c4 g6 3.Nc3 d5 4.cxd5 Nxd5 5.e4 Nxc3 6.bxc3 Bg7 7.Bc4 c5 8.Ne2 
Nc6 9.Be3 O-O 10.O-O Bd7 11.Qd2 Rc8 12.Rfc1 a6 13.f3 b5 14.Bd3 e5 15.d5 
Na5 16.c4 b4 17.Bh6 Qc7 18.Bxg7 Kxg7 19.Ng3 Nb7 20.Rf1 f6 21.Rae1 Rce8 22.
Qf2 a5 23.Ne2 a4 24.Nc1 Na5 25.Qb2 Qd6 26.g3 Qa6 27.Qe2 f5 28.Qe3 Nxc4 29.
Qxc5 Qb6 30.Qxb6 Nxb6 31.Rf2 a3 32.Nb3 Na4 33.exf5 gxf5 34.Rc2 Rc8 35.Rd2 
Kf6 36.Ba6 Rc3 37.Kf2 Ra8 38.Bd3 Nb2 39.Bb1 Bb5 40.d6 Rd8 41.Re3 Rxe3 42.
Kxe3 Nc4+ 0-1

[Event "5th American Continental"]
[Site "Sao Paulo BRA"]
[Date "2009.07.26"]
[Round "3.37"]
[White "Tsuboi, Edson"]
[Black "Calcado, Acyr Rogerio"]
[Result "1-0"]
[WhiteElo "2399"]
[BlackElo "2201"]
[EventDate "2009.07.25"]
[PlyCount "117"]

1.e4 c6 2.c4 e5 3.Nf3 d6 4.d4 Nd7 5.Nc3 Ngf6 6.Be2 Be7 7.O-O O-O 8.Qc2 Re8
9.d5 Nf8 10.Be3 Bg4 11.Rfd1 Bxf3 12.Bxf3 c5 13.Rab1 N6d7 14.Qd2 a6 15.Be2 
Bf6 16.b4 b6 17.a3 Qc7 18.Rb3 Reb8 19.Rdb1 Bd8 20.g3 Ra7 21.Na4 Rab7 22.
Qb2 cxb4 23.axb4 Nf6 24.Nc3 Qd7 25.f3 Ne8 26.Kg2 g6 27.Qa2 Nc7 28.c5 bxc5 
29.bxc5 Rxb3 30.Rxb3 Rxb3 31.Qxb3 dxc5 32.Bxc5 Qc8 33.Bd6 Nd7 34.Na4 Ne8 
35.Ba3 a5 36.Bb5 Nef6 37.Bc6 Qa6 38.Bb5 Qc8 39.Bc4 Qb8 40.Qa2 Bc7 41.d6 
Bxd6 42.Bxf7+ Kg7 43.Bc1 Qc7 44.Bg5 Nc5 45.Bd5 Nxa4 46.Qxa4 Nd7 47.Ba2 Bb4
48.Qb3 Nf6 49.h4 Qe7 50.Qe3 Qe8 51.Bh6+ Kh8 52.Qa7 Nd7 53.Bd5 Bf8 54.Bxf8 
Nxf8 55.Qxa5 Qe7 56.Qa8 Kg7 57.Qb8 Kh8 58.Bb3 Qg7 59.Bc4 1-0

[Event "5th American Continental"]
[Site "Sao Paulo BRA"]
[Date "2009.07.26"]
[Round "3.38"]
[White "Shumyatsky, Victor"]
[Black "Mosquera Klinger, Miguel"]
[Result "1/2-1/2"]
[WhiteElo "2175"]
[BlackElo "2393"]
[EventDate "2009.07.25"]
[PlyCount "89"]

1.e4 c5 2.Nf3 d6 3.d4 cxd4 4.Nxd4 Nf6 5.Nc3 a6 6.h3 b5 7.g4 Bb7 8.Bg2 e6 
9.g5 b4 10.gxf6 bxc3 11.fxg7 Bxg7 12.bxc3 Nd7 13.Qg4 Bf6 14.Rb1 Qc7 15.
Rxb7 Qxc3+ 16.Bd2 Qxd4 17.c3 Qc4 18.e5 Qxg4 19.hxg4 Nxe5 20.g5 Bg7 21.f4 
Nd3+ 22.Ke2 Nc5 23.Bc6+ Kf8 24.Rc7 Rb8 25.f5 Be5 26.Rf1 Kg8 27.fxe6 fxe6 
28.Rff7 d5 29.Ra7 Rc8 30.Bf4 Bxc3 31.Bd6 Ne4 32.Ba3 Nxg5 33.Rfb7 h6 34.Bd7
Rd8 35.Be7 Kf7 36.Ba4 Kg6 37.Bc2+ Kh5 38.Bxd8 Rxd8 39.Rxa6 Rc8 40.Rb1 Kg4 
41.Ra4+ d4 42.Rg1+ Kf4 43.Rh1 e5 44.Rh4+ Kg3 45.Rxh6 1/2-1/2

[Event "5th American Continental"]
[Site "Sao Paulo BRA"]
[Date "2009.07.26"]
[Round "3.39"]
[White "Pertuzatti, Daniel"]
[Black "Santos, Marcus Vinicius Moreira"]
[Result "0-1"]
[WhiteElo "2011"]
[BlackElo "2390"]
[EventDate "2009.07.25"]
[PlyCount "62"]

1.e4 e5 2.f4 Nc6 3.Nf3 f5 4.d4 exd4 5.exf5 d5 6.Bb5 Bb4+ 7.Bd2 Qe7+ 8.Kf2 
Bxd2 9.Nbxd2 Nf6 10.Nxd4 O-O 11.Bxc6 bxc6 12.Re1 Qc5 13.Nb3 Qb6 14.g4 Ne4+
15.Rxe4 dxe4 16.Qe2 Ba6 17.Qe3 Bc4 18.Ne6 Bxe6 19.Qxb6 axb6 20.fxe6 Rxf4+ 
21.Ke3 Rf6 22.Nd4 Re8 23.g5 Rff8 24.b4 c5 25.bxc5 bxc5 26.Nb3 Rxe6 27.Nxc5
Rc6 28.Nxe4 Rxc2 29.a4 Ra8 30.a5 Rc6 31.Nd2 Rc5 0-1